[Event "Ann Arbor (MI Futurity/1)"]
[Site "?"]
[Date "1982.??.??"]
[Round "?"]
[White "Poschel, Paul"]
[Black "Martinovsky, E.."]
[Result "1-0"]
[WhiteElo "2255"]
[BlackElo "2365"]
[PlyCount "79"]
[EventDate "1982.??.??"]

1. c4 e5 2. Nc3 Nc6 3. e3 g6 4. d4 d6 5. d5 Nce7 6. f4 exf4 7. Qd4 f6 8. exf4
Nf5 9. Qf2 h5 10. Nf3 Ngh6 11. h3 Kf7 12. Bd2 Be7 13. O-O-O c5 14. Rg1 Ng7 15.
Bd3 a6 16. Rde1 Bd7 17. Ng5+ fxg5 18. fxg5+ Nhf5 19. g4 b5 20. gxf5 Nxf5 21.
Ne4 Rf8 22. Bc3 b4 23. Bf6 Kg8 24. Bxe7 Nxe7 25. Nf6+ Kg7 26. Qh2 Nf5 27. Nxd7
Qxd7 28. Re6 Rae8 29. Rge1 Rxe6 30. Rxe6 Qa4 31. b3 Qd7 32. h4 Rf7 33. Qb2+ Kh7
34. Qe2 Qd8 35. Bxf5 gxf5 36. Qxh5+ Kg8 37. Qg6+ Kf8 38. Qh6+ Rg7 39. Rg6 Qe7
40. Qh8+ 1-0

[Event "Ann Arbor (MI Futurity/9)"]
[Site "?"]
[Date "1982.??.??"]
[Round "?"]
[White "Poschel, Paul"]
[Black "Goodman, D.."]
[Result "0-1"]
[WhiteElo "2255"]
[BlackElo "2350"]
[PlyCount "110"]
[EventDate "1982.??.??"]

1. c4 g6 2. e4 Bg7 3. d4 Nc6 4. Be3 e5 5. dxe5 Bxe5 6. Nc3 d6 7. Qd2 Bg7 8.
O-O-O Nge7 9. c5 dxc5 10. Qxd8+ Nxd8 11. Bxc5 Ne6 12. Ba3 Nc6 13. Bb5 Bd7 14.
Nd5 Ne5 15. Bxd7+ Nxd7 16. Ne2 O-O-O 17. f3 c6 18. Ndc3 Ne5 19. b3 b5 20. Be7
Nd3+ 21. Kc2 Rd7 22. Rxd3 Rxe7 23. b4 Rd8 24. Rxd8+ Kxd8 25. Rd1+ Rd7 26. Rxd7+
Kxd7 27. Nc1 Be5 28. h3 Nf4 29. Nd3 Nxd3 30. Kxd3 Bd6 31. a3 a5 32. Na2 axb4
33. axb4 Ke6 34. Kc3 Kf6 35. Nc1 Kg5 36. Ne2 h5 37. Kb3 h4 38. Kc3 f5 39. exf5
Kxf5 40. Kb3 Ke5 41. Kc3 Kd5 42. Nc1 Be5+ 43. Kd3 g5 44. Ne2 c5 45. bxc5 Kxc5
46. Ke4 Bf4 47. Nxf4 gxf4 48. Kxf4 Kd4 49. Kg5 b4 50. Kxh4 b3 51. f4 b2 52. g4
b1=Q 53. Kg5 Qh7 54. h4 Ke4 55. h5 Qg7+ 0-1

[Event "East Lansing (MI Op/7)"]
[Site "?"]
[Date "1982.??.??"]
[Round "?"]
[White "Poschel, Paul"]
[Black "Czuhai, Kevin"]
[Result "1-0"]
[WhiteElo "2305"]
[BlackElo "2225"]
[PlyCount "72"]
[EventDate "1982.??.??"]

1. c4 Nf6 2. Nc3 g6 3. e4 d6 4. d4 Bg7 5. Be2 O-O 6. Bg5 h6 7. Be3 Nbd7 8. Qd2
Kh7 9. h4 c5 10. h5 g5 11. Nf3 g4 12. Nh4 cxd4 13. Bxd4 Nc5 14. e5 Ng8 15.
O-O-O Qa5 16. Qc2+ Kh8 17. exd6 Bxd4 18. Rxd4 e5 19. Rdd1 b5 20. Rd5 bxc4 21.
Bxc4 Nf6 22. Rdd1 Rb8 23. Rhe1 Rb4 24. Bd5 e4 25. Bxe4 Ncxe4 26. Nxe4 Nxe4 27.
Rxe4 Rxe4 28. Qxe4 Qg5+ 29. Kb1 Qxh4 30. Qe7 Bf5+ 31. Ka1 Qxh5 32. Qxf8+ Kh7
33. Qe7 g3 34. f3 Bc2 35. Re1 Bg6 36. d7 Qa5 1-0

[Event "East Lansing (MI Op/3)"]
[Site "?"]
[Date "1982.??.??"]
[Round "?"]
[White "Pendell, C.."]
[Black "Maring, L.."]
[Result "1-0"]
[WhiteElo "1815"]
[BlackElo "1965"]
[PlyCount "131"]
[EventDate "1982.??.??"]

1. e4 e5 2. Nf3 Nc6 3. Bb5 a6 4. Ba4 d6 5. c3 Nf6 6. Bxc6+ bxc6 7. d4 exd4 8.
Bg5 Be7 9. Nxd4 Bd7 10. O-O O-O 11. Nd2 Re8 12. Nf5 Bxf5 13. exf5 Qd7 14. Qc2
Nd5 15. Bxe7 Rxe7 16. Rae1 Rae8 17. Re4 Nf6 18. Rxe7 Qxe7 19. Nf3 Qe2 20. Qc1
Qe4 21. Qb1 Kf8 22. Qxe4 Rxe4 23. Re1 Rxe1+ 24. Nxe1 d5 25. Nd3 a5 26. f3 Nd7
27. b4 a4 28. Kf2 Ke7 29. Ke3 Kd6 30. Kd4 f6 31. f4 g6 32. fxg6 hxg6 33. h4 a3
34. g4 Nb6 35. h5 gxh5 36. gxh5 Ke6 37. h6 Kf7 38. Nc5 Kg6 39. h7 Kxh7 40. Ne6
Kg6 41. Nxc7 Kf5 42. b5 cxb5 43. Nxb5 Kxf4 44. Nxa3 Kg3 45. Nb1 f5 46. Kc5 Na4+
47. Kxd5 f4 48. c4 f3 49. c5 Kf4 50. Nd2 Nc3+ 51. Kc4 Ne4 52. Nxf3 Kxf3 53. a4
Kf4 54. a5 Ke5 55. a6 Nd2+ 56. Kb5 Nb3 57. a7 Nxc5 58. Kxc5 Kf6 59. a8=Q Kg7
60. Qf3 Kh8 61. Qf6+ Kh7 62. Kd6 Kg8 63. Ke7 Kh7 64. Qg5 Kh8 65. Kf7 Kh7 66.
Qh5# 1-0

[Event "East Lansing (MI Op/6)"]
[Site "?"]
[Date "1982.??.??"]
[Round "?"]
[White "Pendell, C.."]
[Black "Arganian, David H"]
[Result "1-0"]
[WhiteElo "1815"]
[BlackElo "1865"]
[PlyCount "69"]
[EventDate "1982.??.??"]

1. e4 c6 2. d4 d5 3. Nc3 dxe4 4. Nxe4 Nf6 5. Ng3 g6 6. h4 Bg4 7. Be2 h5 8. Nf3
Nbd7 9. c3 Qc7 10. Qb3 e6 11. Ne5 Bxe2 12. Nxg6 fxg6 13. Qxe6+ Be7 14. Nxe2 Nf8
15. Qh3 Qd7 16. Qd3 O-O-O 17. Be3 c5 18. O-O-O Kb8 19. Nf4 Rg8 20. Rhe1 cxd4
21. Bxd4 Ka8 22. Qc4 Rc8 23. Qf7 Bd8 24. Qb3 Qc7 25. Be5 Qb6 26. Qf7 N8h7 27.
Nd5 Qxf2 28. Rf1 Qxh4 29. Rd4 Qg5+ 30. Bf4 Qxg2 31. Rfd1 Rf8 32. Qg7 Nxd5 33.
Rxd5 Bg5 34. Bxg5 Nxg5 35. Qxf8 1-0

[Event "Ann Arbor (MI Futurity/4)"]
[Site "?"]
[Date "1982.??.??"]
[Round "?"]
[White "O'Donnell, Robert"]
[Black "Martinovsky, E.."]
[Result "0-1"]
[WhiteElo "2150"]
[BlackElo "2365"]
[PlyCount "50"]
[EventDate "1982.??.??"]

1. c4 e5 2. Nc3 Nc6 3. Nf3 Nf6 4. g3 d5 5. cxd5 Nxd5 6. Bg2 Nb6 7. O-O Be7 8.
d3 O-O 9. Be3 Be6 10. a3 f5 11. b4 a6 12. Qd2 h6 13. Rfc1 Bf6 14. Rab1 Nd4 15.
Bxd4 exd4 16. Nd1 c6 17. Nb2 Nd5 18. Nc4 Qc7 19. Rb2 Rac8 20. Re1 f4 21. Qc1
fxg3 22. hxg3 Rf7 23. Nfd2 Bg5 24. Qc2 b5 25. Na5 Rxf2 0-1

[Event "Ann Arbor (MI Futurity/8)"]
[Site "?"]
[Date "1982.??.??"]
[Round "?"]
[White "O'Donnell, Robert"]
[Black "Kensek, R.."]
[Result "1/2-1/2"]
[WhiteElo "2150"]
[BlackElo "2220"]
[PlyCount "42"]
[EventDate "1982.??.??"]

1. c4 Nf6 2. Nf3 e6 3. g3 d5 4. cxd5 exd5 5. d4 Bd6 6. Bg2 O-O 7. Nc3 c6 8. O-O
Re8 9. Qc2 Nbd7 10. Nh4 Nf8 11. Nf5 Bxf5 12. Qxf5 Ne6 13. Qd3 Qb6 14. e3 Rad8
15. Rb1 a5 16. Bd2 Ra8 17. b3 Bf8 18. Rfc1 Ba3 19. Rc2 Qd8 20. Bc1 Bf8 21. Bd2
Ba3 1/2-1/2

[Event "Ann Arbor (MI Futurity/1)"]
[Site "?"]
[Date "1982.??.??"]
[Round "?"]
[White "O'Donnell, Robert"]
[Black "Goodman, D.."]
[Result "0-1"]
[WhiteElo "2150"]
[BlackElo "2350"]
[PlyCount "94"]
[EventDate "1982.??.??"]

1. c4 g6 2. Nc3 Bg7 3. Nf3 d6 4. d4 Nf6 5. g3 O-O 6. Bg2 Nc6 7. O-O Bd7 8. h3
Qc8 9. Kh2 e5 10. d5 Ne7 11. e4 Ne8 12. Ne1 f5 13. f3 Nf6 14. Nd3 Nh5 15. Ne2
f4 16. g4 Nf6 17. c5 g5 18. Bd2 h5 19. cxd6 cxd6 20. Bb4 Ne8 21. Rc1 Qd8 22.
Qb3 hxg4 23. hxg4 a5 24. Be1 b5 25. Ng1 Kf7 26. Nh3 Rh8 27. Rh1 Ng6 28. Qc2 Nh4
29. Bf2 Kg6 30. Kg1 Rc8 31. Qd2 Nf6 32. Rxc8 Qxc8 33. Nhxf4+ exf4 34. Nxf4+
gxf4 35. Bxh4 Ne8 36. Qxf4 Bd4+ 37. Bf2 Bxf2+ 38. Kxf2 Qc2+ 39. Kg3 Rxh1 40.
Bxh1 Qxb2 41. Qf8 Qg7 42. Qxg7+ Kxg7 43. Bg2 b4 44. Bf1 a4 45. Bd3 Nc7 46. Kf2
Nb5 47. Ke3 b3 0-1

[Event "Ann Arbor (MI Futurity/6)"]
[Site "?"]
[Date "1982.??.??"]
[Round "?"]
[White "O'Donnell, Robert"]
[Black "Buchholz, M.."]
[Result "0-1"]
[WhiteElo "2150"]
[BlackElo "2165"]
[PlyCount "72"]
[EventDate "1982.??.??"]

1. c4 e5 2. Nc3 f5 3. d4 e4 4. e3 Nf6 5. Nge2 Nc6 6. Nf4 Bb4 7. Bd2 O-O 8. h4
Bd6 9. Ncd5 b6 10. Rc1 Nxd5 11. Nxd5 Ne7 12. Nf4 Bb7 13. d5 Qe8 14. h5 Rf6 15.
Bc3 Rh6 16. g4 fxg4 17. Qxg4 Qf8 18. Rg1 Rf6 19. Nh3 c6 20. Qxe4 Nf5 21. Bd3
Bb4 22. Qg4 Nh6 23. Qg2 Re8 24. Ng5 Nf5 25. a3 Bxc3+ 26. Rxc3 Kh8 27. Be4 h6
28. Nh3 Nh4 29. Qg4 Rxe4 30. Qxe4 Nf3+ 31. Ke2 Nxg1+ 32. Nxg1 Rxf2+ 33. Kd3
cxd5 34. Qe5 dxc4+ 35. Kxc4 Rxb2 36. e4 Ba6+ 0-1

[Event "East Lansing (MI Op/5)"]
[Site "?"]
[Date "1982.??.??"]
[Round "?"]
[White "Noren, Kevin"]
[Black "Rawley, L.."]
[Result "1/2-1/2"]
[WhiteElo "2050"]
[BlackElo "2235"]
[PlyCount "105"]
[EventDate "1982.??.??"]

1. d4 f5 2. g3 Nf6 3. Bg2 e6 4. Nf3 Be7 5. O-O O-O 6. c4 Ne4 7. d5 Bf6 8. Ne1
Nc5 9. Qc2 a5 10. Nc3 Nba6 11. Be3 d6 12. dxe6 c6 13. Rd1 Qe7 14. Bxc5 Nxc5 15.
Nd3 Bxe6 16. b3 Rad8 17. Nf4 Bf7 18. e3 Rfe8 19. Nfe2 Bh5 20. Rd2 Ne4 21. Nxe4
fxe4 22. Nd4 Qe5 23. Rc1 Bg4 24. h3 Bh5 25. c5 dxc5 26. Qxc5 Rd5 27. Qc2 g5 28.
Ne2 Rxd2 29. Qxd2 Rd8 30. Qc2 Bg6 31. Nd4 Be7 32. Bf1 h5 33. f4 gxf4 34. gxf4
Qf6 35. Bc4+ Kh8 36. Qf2 b5 37. Be2 Rg8 38. Kh2 Be8 39. Rg1 Rxg1 40. Qxg1 a4
41. bxa4 bxa4 42. Bc4 Bf7 43. Bxf7 Qxf7 44. Qg2 c5 45. Nc6 Bf6 46. Qxe4 Qxa2+
47. Kg3 Qg8+ 48. Kf3 a3 49. Qf5 Qf7 50. Ne5 Qb7+ 51. Ke2 Qa6+ 52. Kd2 Bxe5 53.
Qxe5+ 1/2-1/2

[Event "East Lansing (MI Op/6)"]
[Site "?"]
[Date "1982.??.??"]
[Round "?"]
[White "Noren, Kevin"]
[Black "Lloyd, J.."]
[Result "1-0"]
[WhiteElo "2050"]
[BlackElo "1785"]
[PlyCount "89"]
[EventDate "1982.??.??"]

1. d4 f5 2. g3 e6 3. Bg2 Nf6 4. Nf3 Be7 5. O-O O-O 6. c4 d5 7. Nc3 c6 8. Qc2
Qe8 9. cxd5 exd5 10. Bg5 Qh5 11. Bxf6 Rxf6 12. Nxd5 Nd7 13. Nxe7+ Kf8 14. Nxc8
Rxc8 15. Qb3 Rc7 16. Rfe1 Rh6 17. h4 Nf6 18. Ng5 Rd7 19. e4 f4 20. Ne6+ Ke7 21.
Nxf4 Qa5 22. Qc3 Qb6 23. d5 Kd8 24. dxc6 bxc6 25. Ne6+ Ke8 26. Nc5 Re7 27. Rad1
Rh5 28. b4 Rhe5 29. Re3 a5 30. a3 axb4 31. axb4 h6 32. Red3 g5 33. hxg5 hxg5
34. Qc4 Kf8 35. Nd7+ Nxd7 36. Rxd7 Kg7 37. Qc3 Kf8 38. Bf3 Qb5 39. Rxe7 Kxe7
40. Qd4 Kf6 41. Qd8+ Kg6 42. Qg8+ Kf6 43. Rd6+ Ke7 44. Qd8+ Kf7 45. Rf6+ 1-0

[Event "Southfield (MEX/3)"]
[Site "?"]
[Date "1982.??.??"]
[Round "?"]
[White "Noren, Kevin"]
[Black "Laren, Philip"]
[Result "0-1"]
[WhiteElo "2130"]
[BlackElo "2085"]
[PlyCount "94"]
[EventDate "1982.??.??"]

1. d4 f5 2. g3 Nf6 3. Bg2 g6 4. Nf3 Bg7 5. O-O O-O 6. c4 d6 7. Nc3 Nc6 8. d5
Ne5 9. Nxe5 dxe5 10. e4 e6 11. exf5 exf5 12. Qb3 Kh8 13. Rd1 Nd7 14. Be3 f4 15.
Bd2 Nc5 16. Qa3 b6 17. b4 Nb7 18. Qb3 Bg4 19. f3 Bd7 20. Rac1 a5 21. a3 axb4
22. axb4 g5 23. Rf1 Nd6 24. g4 h5 25. h3 Rf6 26. Rf2 Rh6 27. c5 Nb5 28. Ne4 Nd4
29. Qb2 Bb5 30. Bc3 Bd3 31. Bxd4 exd4 32. Qb3 Bxe4 33. fxe4 hxg4 34. hxg4 Be5
35. Rf3 Qd7 36. Rh3 Qh7 37. Rxh6 Qxh6 38. cxb6 cxb6 39. Rf1 Qh4 40. Qf3 Rc8 41.
Qd1 Kg7 42. Rf2 Rc4 43. Bf3 Qh8 44. b5 Qc8 45. Kg2 Rc1 46. Qa4 Qc7 47. Be2 Qc3
0-1

[Event "East Lansing (MI Op/1)"]
[Site "?"]
[Date "1982.??.??"]
[Round "?"]
[White "Noren, Kevin"]
[Black "Jarosz, Stan"]
[Result "1-0"]
[WhiteElo "2050"]
[BlackElo "1820"]
[PlyCount "55"]
[EventDate "1982.??.??"]

1. d4 d5 2. Nf3 Nf6 3. e3 Bf5 4. Bd3 e6 5. O-O c6 6. Qe2 Nbd7 7. Nbd2 Ne4 8. c4
Bd6 9. Rd1 Ndf6 10. cxd5 exd5 11. Nf1 Ng4 12. Bxe4 Bxe4 13. N3d2 h5 14. f3
Bxh2+ 15. Nxh2 Nxh2 16. Kxh2 Bf5 17. e4 dxe4 18. Nxe4 Qc7+ 19. Kg1 O-O-O 20.
Qf2 Bxe4 21. fxe4 h4 22. Qf5+ Rd7 23. Bf4 Qb6 24. Qe5 Rdd8 25. Kh2 h3 26. gxh3
Rde8 27. Qf5+ Kd8 28. Rd2 1-0

[Event "East Lansing (MI Op/2)"]
[Site "?"]
[Date "1982.??.??"]
[Round "?"]
[White "Noren, Kevin"]
[Black "Gajic, Z.."]
[Result "0-1"]
[WhiteElo "2050"]
[BlackElo "2320"]
[PlyCount "50"]
[EventDate "1982.??.??"]

1. c4 e5 2. Nc3 Nf6 3. e3 Nc6 4. Nf3 Be7 5. d4 exd4 6. Nxd4 O-O 7. Be2 Bb4 8.
Bd2 Nxd4 9. exd4 Re8 10. d5 Qe7 11. Rc1 d6 12. a3 Bxc3 13. Rxc3 Qe4 14. Kf1 Qh4
15. Be3 Ne4 16. Rd3 Bf5 17. Rd4 Qf6 18. Bd3 Re7 19. Bxe4 Bxe4 20. h4 h6 21. Qd2
Rae8 22. Rh3 Re5 23. Kg1 Rh5 24. Bf4 Bf5 25. Rh2 Qxd4 0-1

[Event "Southfield (MEX/1)"]
[Site "?"]
[Date "1982.??.??"]
[Round "?"]
[White "Noren, Kevin"]
[Black "Everett, Morgan"]
[Result "0-1"]
[WhiteElo "2130"]
[BlackElo "2050"]
[PlyCount "63"]
[EventDate "1982.??.??"]

1. d4 d5 2. Nf3 Nf6 3. e3 g6 4. Nbd2 Bg7 5. Bd3 Bg4 6. O-O O-O 7. h3 Bxf3 8.
Qxf3 Nc6 9. Bb5 e5 10. Bxc6 bxc6 11. Nb3 Ne4 12. Qe2 f5 13. Rd1 Qh4 14. Bd2 f4
15. f3 Nxd2 16. Qxd2 Rae8 17. exf4 Bh6 18. dxe5 Bxf4 19. Qf2 Qg5 20. Kh1 Be3
21. Qe1 Rxe5 22. Rd3 Bf4 23. Qf2 Rfe8 24. Rdd1 Re2 25. Qg1 Be3 26. Qh2 Bf4 27.
Qg1 c5 28. Re1 Qg3 29. Rxe2 Rxe2 30. Rf1 Be3 31. Qh2 Qxh2+ 32. Kxh2 0-1

[Event "East Lansing (MI Op/2)"]
[Site "?"]
[Date "1982.??.??"]
[Round "?"]
[White "McFay, D.."]
[Black "Kulbacki, James"]
[Result "1-0"]
[WhiteElo "1625"]
[BlackElo "1905"]
[PlyCount "35"]
[EventDate "1982.??.??"]

1. e4 e6 2. d4 d5 3. e5 c5 4. c3 Nc6 5. Be3 Qb6 6. Qd2 Bd7 7. Nf3 cxd4 8. Nxd4
Nxd4 9. Bxd4 Bc5 10. Be2 Ne7 11. O-O Nc6 12. Bxc5 Qxc5 13. b4 Qb6 14. Qg5 h6
15. Qxg7 O-O-O 16. a4 Rdg8 17. Qf6 Rg6 18. Qxh8+ 1-0

[Event "East Lansing (MI Op/4)"]
[Site "?"]
[Date "1982.??.??"]
[Round "?"]
[White "McFay, D.."]
[Black "Daniel, Aaron"]
[Result "0-1"]
[WhiteElo "1615"]
[BlackElo "2120"]
[PlyCount "74"]
[EventDate "1982.??.??"]

1. e4 Nf6 2. e5 Nd5 3. d4 d6 4. c4 Nb6 5. exd6 exd6 6. Nf3 Be7 7. Nc3 Bg4 8.
Bd3 Nc6 9. Be4 O-O 10. h3 Bxf3 11. Qxf3 Bf6 12. c5 Nxd4 13. Qd3 dxc5 14. Bxh7+
Kh8 15. Be4 Qe7 16. O-O c6 17. Re1 g6 18. Bh6 Bg7 19. Bxg6 Qf6 20. Bxg7+ Kxg7
21. Be4 Rg8 22. Qg3+ Kf8 23. Qc7 Re8 24. Re3 Nc4 25. Bh7 Nxe3 26. Bxg8 Nec2 27.
Bxf7 Qxf7 28. Qd6+ Qe7 29. Qh6+ Qg7 30. Qf4+ Kg8 31. Rd1 c4 32. Kf1 Rf8 33. Qe4
Qg3 34. f3 Nxf3 35. Qe6+ Rf7 36. gxf3 Ne3+ 37. Qxe3 Rxf3+ 0-1

[Event "Ann Arbor (MI Futurity/8)"]
[Site "?"]
[Date "1982.??.??"]
[Round "?"]
[White "Martinovsky, E.."]
[Black "Tennant, S.."]
[Result "0-1"]
[WhiteElo "2365"]
[BlackElo "2315"]
[PlyCount "104"]
[EventDate "1982.??.??"]

1. d4 Nf6 2. c4 g6 3. Nc3 Bg7 4. Bg5 d6 5. Nf3 O-O 6. h3 c5 7. e3 h6 8. Bh4
cxd4 9. exd4 Qa5 10. Qd2 g5 11. Bg3 Nh5 12. Be2 Nxg3 13. fxg3 Bf5 14. O-O e6
15. Kh1 Nd7 16. d5 Nc5 17. Rad1 Bxc3 18. bxc3 Ne4 19. Qe1 Qxc3 20. Kh2 Qxe1 21.
Rdxe1 Nc5 22. Nd4 Bg6 23. Nb5 a6 24. Nd4 Rae8 25. dxe6 fxe6 26. Rxf8+ Rxf8 27.
Rd1 Kf7 28. h4 Ke7 29. hxg5 hxg5 30. Bg4 e5 31. Nf3 Bd3 32. Rc1 e4 33. Nd4 Kf6
34. Kg1 Ke5 35. Ne2 b5 36. cxb5 axb5 37. Rd1 d5 38. Rc1 Bc4 39. Nc3 Nd3 40. Rb1
b4 41. Nd1 Bxa2 42. Ra1 b3 43. Be2 Kd4 44. g4 Ra8 45. Bxd3 Kxd3 46. Kf2 e3+ 47.
Nxe3 b2 48. Rd1+ Ke4 49. Nf1 Rf8+ 50. Ke1 Rxf1+ 51. Kxf1 b1=Q 52. Rxb1 Bxb1 0-1

[Event "Southfield (MEX/1)"]
[Site "?"]
[Date "1982.??.??"]
[Round "?"]
[White "Martinovsky, E.."]
[Black "Shavalier, J.."]
[Result "1-0"]
[WhiteElo "2405"]
[BlackElo "2100"]
[PlyCount "113"]
[EventDate "1982.??.??"]

1. d4 e6 2. c4 f5 3. Nf3 Nf6 4. Bg5 Be7 5. Nc3 d5 6. e3 Nbd7 7. Qc2 c6 8. cxd5
exd5 9. Qxf5 O-O 10. Qc2 Bd6 11. Bd3 Qe8 12. h3 b6 13. O-O Bb7 14. Rfe1 Qh5 15.
a4 Ne8 16. Bf5 Ndf6 17. e4 Bb4 18. Bxf6 gxf6 19. e5 c5 20. Rad1 Kh8 21. Re3 Ng7
22. Bg4 Qh6 23. exf6 Qxf6 24. Re5 cxd4 25. Nxd5 Bxd5 26. Rxd5 d3 27. R1xd3 Bc5
28. Qc3 Qxc3 29. bxc3 Kg8 30. a5 Rae8 31. Kf1 Re4 32. Rg5 h6 33. Rgd5 Ra4 34.
axb6 axb6 35. Rd8 Ra7 36. Rxf8+ Kxf8 37. Ne5 Ra1+ 38. Rd1 Rxd1+ 39. Bxd1 Ke7
40. Ke2 Ne6 41. Nd3 Bd6 42. Bb3 Nc7 43. Nb2 Nb5 44. Kd3 Be5 45. Nd1 Nd6 46. Ne3
b5 47. f4 Bg7 48. g4 Kf6 49. Bd5 Kg6 50. Bc6 h5 51. Nd5 hxg4 52. hxg4 Bh6 53.
Bd7 Kf7 54. g5 Bxg5 55. fxg5 Kg6 56. Nf6 Nb7 57. Ne4 1-0

[Event "Ann Arbor (MI Futurity/7)"]
[Site "?"]
[Date "1982.??.??"]
[Round "?"]
[White "Martinovsky, E.."]
[Black "Puls, M.."]
[Result "1-0"]
[WhiteElo "2365"]
[BlackElo "2105"]
[PlyCount "63"]
[EventDate "1982.??.??"]

1. c4 Nf6 2. Nf3 c5 3. Nc3 d5 4. cxd5 Nxd5 5. e3 Nc6 6. d4 cxd4 7. exd4 g6 8.
Bc4 Nxc3 9. bxc3 Bg7 10. O-O O-O 11. Re1 e5 12. Ba3 Re8 13. Qb3 Be6 14. Bxe6
Rxe6 15. d5 Na5 16. Qb5 a6 17. Qd3 Re8 18. Rad1 b5 19. Nd2 Rc8 20. d6 Qd7 21.
Ne4 Nb7 22. Qd5 Rcd8 23. Re3 h6 24. c4 bxc4 25. Qxc4 a5 26. h3 Kh7 27. Rb1 Re6
28. Reb3 Nxd6 29. Nxd6 Rxd6 30. Bxd6 Qxd6 31. Qxf7 Rf8 32. Qa7 1-0

[Event "Southfield (MEX/5)"]
[Site "?"]
[Date "1982.??.??"]
[Round "?"]
[White "Martinovsky, E.."]
[Black "Poschel, Paul"]
[Result "1-0"]
[WhiteElo "2405"]
[BlackElo "2290"]
[PlyCount "79"]
[EventDate "1982.??.??"]

1. d4 d5 2. c4 dxc4 3. Nf3 Nf6 4. e3 Bg4 5. Bxc4 e6 6. h3 Bh5 7. Nc3 a6 8. O-O
Nc6 9. Be2 Bd6 10. Nd2 Bxe2 11. Qxe2 O-O 12. Nb3 e5 13. d5 Ne7 14. e4 Nd7 15.
Be3 f5 16. exf5 Nxf5 17. Ne4 Qe7 18. Rac1 Nxe3 19. Qxe3 Nf6 20. Nxf6+ gxf6 21.
Nc5 Rab8 22. Kh1 Qf7 23. Rg1 Kh8 24. Rcd1 Rg8 25. Ne4 f5 26. Nxd6 cxd6 27. f4
Rbe8 28. fxe5 Rxe5 29. Qb6 Qe7 30. Rc1 Rxd5 31. Rc7 Rb5 32. Qd4+ Qe5 33. Qh4
Rg7 34. Rc8+ Rg8 35. Rxg8+ Kxg8 36. Re1 Qxb2 37. Re8+ Kf7 38. Qe7+ Kg6 39. Rg8+
Kh6 40. Qg5# 1-0

[Event "Ann Arbor (MI Futurity/5)"]
[Site "?"]
[Date "1982.??.??"]
[Round "?"]
[White "Martinovsky, E.."]
[Black "Gajic, Z.."]
[Result "1-0"]
[WhiteElo "2365"]
[BlackElo "2305"]
[PlyCount "67"]
[EventDate "1982.??.??"]

1. d4 Nf6 2. c4 g6 3. Nc3 d5 4. cxd5 Nxd5 5. e4 Nxc3 6. bxc3 Bg7 7. Nf3 O-O 8.
Be2 c5 9. Rb1 Nc6 10. d5 Ne5 11. Nxe5 Bxe5 12. Qd2 Qa5 13. Rb3 Bd7 14. f4 Bg7
15. Ra3 Qc7 16. c4 Bd4 17. e5 a6 18. h4 Bf5 19. h5 f6 20. e6 g5 21. fxg5 fxg5
22. Qxg5+ Kh8 23. Rf1 Bf6 24. Qf4 Qd8 25. Qd2 Be4 26. Rf4 Qd6 27. Rxe4 Qh2 28.
Bf3 Bh4+ 29. Kd1 Qg1+ 30. Kc2 Bf6 31. Bb2 b5 32. Bxf6+ Rxf6 33. d6 bxc4 34. Re1
1-0

[Event "Southfield (MEX/3)"]
[Site "?"]
[Date "1982.??.??"]
[Round "?"]
[White "Martinovsky, E.."]
[Black "Gajic, Z.."]
[Result "1/2-1/2"]
[WhiteElo "2405"]
[BlackElo "2320"]
[PlyCount "161"]
[EventDate "1982.??.??"]

1. d4 Nf6 2. c4 g6 3. Nc3 d5 4. Bg5 Ne4 5. Bh4 Nxc3 6. bxc3 Bg7 7. e3 c6 8. Qb3
Qa5 9. Nf3 Nd7 10. cxd5 cxd5 11. Be2 Nf6 12. Bb5+ Kf8 13. O-O h6 14. Rac1 g5
15. Bg3 a6 16. Bd3 b5 17. Qb4 Qd8 18. a4 bxa4 19. Qxa4 Bd7 20. Qa2 Be8 21. c4
dxc4 22. Bxc4 Nh5 23. Bd5 Ra7 24. Rc5 e6 25. Bc4 a5 26. Ra1 Nxg3 27. hxg3 a4
28. Qc2 Qb6 29. Rb1 Qd6 30. Nd2 f5 31. Rc8 Ke7 32. Rbb8 Rc7 33. Rxc7+ Qxc7 34.
Qb2 Bc6 35. Rxh8 Bxh8 36. Ba2 Bf6 37. Nc4 Kf7 38. Qb4 Bd7 39. d5 exd5 40. Nb6
Kg7 41. Nxd5 Qc6 42. Nb6 Be8 43. Bd5 Qc3 44. Qd6 Qe5 45. Qc5 Be7 46. Qc4 a3 47.
Qc8 Bf7 48. Bxf7 Kxf7 49. Nc4 Qe6 50. Qc7 a2 51. Ne5+ Kf6 52. Nd7+ Qxd7 53.
Qxd7 a1=Q+ 54. Kh2 Qe5 55. Qe8 Kg7 56. Qd7 h5 57. Kg1 h4 58. gxh4 gxh4 59. Qa7
Qc5 60. Qd7 Kf6 61. Qd3 Qc1+ 62. Kh2 Qa3 63. Qd4+ Kg6 64. Kh3 Qc1 65. Kh2 Qc5
66. Qh8 Qd6+ 67. Kh3 Qe6 68. Qe8+ Kg7 69. Qh5 Qe5 70. Qf3 Kg6 71. g3 Bd6 72.
Qe2 hxg3 73. f4 Qe4 74. Qa6 Qh1+ 75. Kxg3 Qd1 76. Qc8 Qg4+ 77. Kf2 Qh4+ 78. Kg2
Qe7 79. Qg8+ Kf6 80. Qg5+ Ke6 81. Qg6+ 1/2-1/2

[Event "Ann Arbor (MI Futurity/2)"]
[Site "?"]
[Date "1982.??.??"]
[Round "?"]
[White "Martinovsky, E.."]
[Black "Buchholz, M.."]
[Result "0-1"]
[WhiteElo "2365"]
[BlackElo "2165"]
[PlyCount "128"]
[EventDate "1982.??.??"]

1. d4 d5 2. c4 e6 3. Nc3 Nf6 4. cxd5 exd5 5. Bg5 Be7 6. e3 O-O 7. Qc2 h6 8. Bh4
b6 9. Nf3 Bb7 10. Be2 Nbd7 11. O-O Ne4 12. Bg3 Nxg3 13. hxg3 a6 14. Rfd1 Bd6
15. Nh4 Re8 16. Rac1 Nf6 17. Bf3 Rc8 18. Nf5 Bf8 19. Be2 Qd7 20. Nh4 g6 21. Bd3
Re6 22. Qe2 Ra8 23. a3 Bd6 24. Re1 Ne4 25. Qg4 f5 26. Qh3 Rae8 27. Nxe4 fxe4
28. Be2 Qf7 29. Rf1 Rf6 30. g4 Bc8 31. Rc3 Rf8 32. f3 exf3 33. gxf3 c5 34. Ng2
g5 35. Rcc1 Qg7 36. Rcd1 cxd4 37. Rxd4 Bb7 38. Rfd1 Bc5 39. R4d3 a5 40. Kh1 Ba6
41. f4 Bxd3 42. Rxd3 Rd6 43. Rxd5 Rxd5 44. Bc4 Rfd8 45. Qf3 Qf7 46. Kh2 gxf4
47. e4 Rh5+ 48. gxh5 Qxc4 49. Qg4+ Kh8 50. Qg6 Rd6 51. Qe8+ Qg8 52. Qe5+ Qg7
53. Qe8+ Kh7 54. Nxf4 Rd2+ 55. Kh3 Qd7+ 56. Qxd7+ Rxd7 57. Nd5 Kg7 58. Kg4 Rxd5
59. exd5 Kf6 60. Kf4 a4 61. Ke4 b5 62. d6 Ke6 63. d7 Kxd7 64. Kd5 Bd6 0-1

[Event "East Lansing (MI Op/1)"]
[Site "?"]
[Date "1982.??.??"]
[Round "?"]
[White "Maring, L.."]
[Black "Rawley, L.."]
[Result "1/2-1/2"]
[WhiteElo "1965"]
[BlackElo "2235"]
[PlyCount "213"]
[EventDate "1982.??.??"]

1. e4 e5 2. Nf3 Nc6 3. Bb5 a6 4. Ba4 b5 5. Bb3 Na5 6. Nc3 d6 7. h3 Nf6 8. d3
Be7 9. Be3 Bb7 10. O-O O-O 11. Nh2 Nxb3 12. axb3 b4 13. Ne2 d5 14. exd5 Nxd5
15. Bd2 Qd6 16. f4 Qc6 17. Nf3 Bc5+ 18. Kh1 exf4 19. Nxf4 Rfe8 20. Nxd5 Qxd5
21. Bf4 Qd7 22. Qd2 Re6 23. Rae1 Rae8 24. Rxe6 Rxe6 25. Kh2 Qe7 26. d4 Re2 27.
Qd3 Bd6 28. Bxd6 Qxd6+ 29. Kg1 Qe6 30. Rf2 Re3 31. Qc4 Bxf3 32. Qxe6 fxe6 33.
gxf3 Re1+ 34. Kg2 Rb1 35. f4 Rxb2 36. Rd2 a5 37. Kf3 a4 38. bxa4 b3 39. Rd1
bxc2 40. Rc1 Ra2 41. Ke3 Kf7 42. h4 Ke7 43. Kd3 Kd6 44. Rxc2 Rxa4 45. Ke4 Ra1
46. Rc5 Rh1 47. h5 c6 48. Ke3 Rb1 49. Rg5 Rb5 50. Rxg7 Rxh5 51. Rg8 Rh1 52.
Rd8+ Ke7 53. Rc8 Kd7 54. Rh8 h5 55. Ke4 Kd6 56. Rd8+ Ke7 57. Rc8 Rc1 58. Rh8
Re1+ 59. Kf3 Rh1 60. Rc8 Kd7 61. Rh8 h4 62. Rh7+ Kd6 63. Rh8 h3 64. Rd8+ Ke7
65. Rc8 Kd7 66. Rh8 h2 67. Kg2 Rd1 68. Kxh2 Rxd4 69. Kg3 c5 70. Kf3 Kc6 71. Ke3
Kd7 72. Rh7+ Kd6 73. Rh8 Rd5 74. Rc8 Kd7 75. Rh8 c4 76. Ra8 Rd3+ 77. Ke2 Kc6
78. Ra5 Kd6 79. Rb5 Rb3 80. Ra5 Rb2+ 81. Ke3 Rc2 82. Kd4 Rc1 83. Ra6+ Ke7 84.
Ra5 Kf6 85. Rc5 c3 86. Kd3 c2 87. Rc4 Kf5 88. Kd2 Rf1 89. Kxc2 Rxf4 90. Rc5+
Ke4 91. Kd2 Rf2+ 92. Ke1 Ra2 93. Rc6 e5 94. Rc3 Kd4 95. Rb3 e4 96. Rb4+ Kd3 97.
Rb3+ Kc4 98. Rb8 Kc3 99. Rd8 Rb2 100. Rd7 Rh2 101. Rd8 Kc2 102. Rd7 Rh3 103.
Ke2 Rd3 104. Rc7+ Kb2 105. Re7 Rd4 106. Ke3 Kc3 107. Rxe4 1/2-1/2